| 000 | 00412nam a2200145 4500 | ||
|---|---|---|---|
| 999 |
_c1265 _d1265 |
||
| 008 | 200120b ||||| |||| 00| 0 eng d | ||
| 082 | 0 | 0 |
_a621.436 _bK1958 |
| 100 |
_9853 _aKates, Edgar J. |
||
| 245 | 1 | 0 |
_aDiesel and high-compression gas engines: Fundamentals _cby Edgar J. Kates |
| 250 | _a2nd ed. | ||
| 260 |
_aBombay _bTaraporevala _c1968 |
||
| 300 | _avii, 448 p. | ||
| 650 | 0 | _aDiesel Motors | |
| 942 |
_2ddc _cBK |
||